000 00635cam a2200181 4500
082 _a004.2
_bBAS
_cL-2, P-140
100 1 _aDaniels, Alan.
_936559
245 1 0 _aBasic systems analysis;
_cedited by Alan Daniels and Donald Yeates.
260 _aDelhi,
_bGalgotia Publication,
_c1990.
300 _axii, 289 p.
_billus.,
_c23 cm.
526 _a0
_b0
_c0
_d004_200000000000000_BAS
650 0 _aComputer programming
_xStudy and teaching.
_936560
650 0 _aMCE
_9379
650 0 _aSystem analysis
_xStudy and teaching.
_936561
700 1 _aYeates, Donald,
_936562
710 2 _aNational Computing Centre Limited.
_936563
942 _2ddc
_cBK
999 _c541587
_d541587